| 000 | 00537nam a22001577a 4500 | ||
|---|---|---|---|
| 999 |
_c534219 _d534219 |
||
| 020 | _qHard Cover. | ||
| 082 | _a620.11 | ||
| 100 | _aFatima, Sundus | ||
| 245 |
_aSYNTHESIS AND CHARACTERIZATION OF CATALYSTS USED FOR THE PETROCHEMICAL INDUSTRY / _cFATIMA, SUNDUS |
||
| 260 |
_aIslamabad : _bSCME - NUST, _c2012. |
||
| 300 |
_a42 p. : ill. ; _c30cm. |
||
| 942 |
_2ddc _cTHE |
||
| 650 |
_aEnergetic Materials Engineering MS-Thesis. _928358 |
||
| 700 |
_aDr. Shaneela Nosheen. _928374 |
||